Acid house : (barevnej svět) /

Hlavní autor: Welch, Irvine
Další autoři: Comer, John, 1948-, Malinovský, Vít, 1965-
Jazyk: Čeština
Vydáno: Praha : Maťa, 1999
Vydání: Vyd. 1.
Edice: Cesta tam a zase zpátky
Témata:
Fyzický popis: 370 s., [8] s. obrazové přílohy ; 18 cm
Knihy
Uloženo v:
LEADER 01149nam a2200349 a 4500
001 000429599
003 CZ BrMZK
005 20130307152838.0
007 ta
008 990315s1999 xr af f 000 0 cze d
015 |a cnb000704016 
020 |a 80-86013-63-4 
035 |a (OCoLC)42820793 
040 |a BOA001  |b cze 
041 1 |a cze  |h eng 
080 |a 820-32(081)=850  |2 MRF 
100 1 |a Welch, Irvine  |4 aut 
245 1 0 |a Acid house :  |b (barevnej svět) /  |c Irvine Welsh ; [z angličtiny přeložil Vít Malinovský ; ilustrace John Comer] 
246 3 0 |a Barevnej svět 
250 |a Vyd. 1. 
260 |a Praha :  |b Maťa,  |c 1999 
300 |a 370 s., [8] s. obrazové přílohy ;  |c 18 cm 
490 1 |a Cesta tam a zase zpátky ;  |v sv. 18 
655 7 |a anglické povídky  |7 fd131811  |2 czenas 
700 1 |a Comer, John,  |d 1948-  |7 xx0093580  |4 ill 
700 1 |a Malinovský, Vít,  |d 1965-  |7 ntka173309  |4 trl 
765 0 |t Acid house  |9 Česky 
830 0 |a Cesta tam a zase zpátky 
910 |a BOA001  |b 1-1061.124 
990 |a BK 
991 |f B-WEL 
996 6 |b 2610096612  |c 1-1061.124  |l MZK  |r Sklad / do 1 hodiny  |n 44  |p p.v.  |w 000429599  |u 000010  |a 1  |e BOA001  |j MZK50  |s P